| 000 | 00911nam a22002777a 4500 | ||
|---|---|---|---|
| 003 | DO-SdBPM | ||
| 005 | 20250205103448.0 | ||
| 008 | 151111b 2001 sp a | |||| 00| 0 spa d | ||
| 020 | _a8421641611 | ||
| 040 |
_aDO-SdBPM _bspa _cBPMSU |
||
| 082 | 4 |
_a833.91 _bK71y 2001 _222 |
|
| 100 | 1 |
_aKnister, _d1952- _qLudger Jochmann |
|
| 240 | 1 | 0 | _aYoko mischt die schule auf |
| 245 | 1 | 0 |
_aYoko alborota la escuela / _cKnister ; ilustraciones Susanne Mais ; traducción Amalia Bermejo. |
| 260 |
_aMadrid : _bBruño, _c2001. |
||
| 300 |
_a182 p. : _bil. ; _c21 cm. |
||
| 490 | 0 |
_aYoko, _v2 |
|
| 534 | _aYoko mischt die Schule auf. | ||
| 590 | _aInventariado, 2025/VM | ||
| 650 | 4 | _aCuentos juveniles alemanes | |
| 650 | 4 |
_aMagia _vCuentos juveniles |
|
| 700 | 1 |
_a Bermejo, Amalia, _ctraductor |
|
| 700 | 1 |
_aMais, Susanne, _cilustraciones |
|
| 910 | _aVMateo V. Control de calidad. BPMSU | ||
| 942 |
_2ddc _cBK |
||
| 999 |
_c8639 _d8639 |
||